00493nam a2200181Ia 4500003000400000008004100004040001600045082001500061100001600076245005500092700001500147260004800162300000900210650001400219650003100233650001800264650002900282GCL140319s9999 xx 000 0 eng d aGCL / cGCL04a923.2bG D1 aGRAHAM, TIM10aDIANA PRINCESS OF WALES: A TRIBUTE / cGRAHAM, TIM1 aCORKY, TOM a[S.N] : bWEIDENFELD AND NICOLEON ، c1997 a96 P04aBIOGRAPHY04aROYAL FAMILY - BIOGRAPHIES04aDIANA SPENCER04aPRINCESS - GREAT BRITAIN